Catálogo
 En Linea

Gran enciclopedia Espasa / (Registro nro. 44032)

Detalles MARC
000 -CABECERA
campo de control de longitud fija 00474nam a2200157 a 4500
001 - NÚMERO DE CONTROL
campo de control 000044543
005 - FECHA Y HORA DE LA ÚLTIMA TRANSACCIÓN
campo de control 20201002045441.0
008 - DATOS DE LONGITUD FIJA--INFORMACIÓN GENERAL
campo de control de longitud fija 140711s2005 cl abc 000 0 spa d
020 ## - NÚMERO INTERNACIONAL ESTÁNDAR DEL LIBRO
Número Internacional Estándar del Libro 8467018690
040 ## - FUENTE DE LA CATALOGACIÓN
Centro catalogador/agencia de origen DO-SdBNP
Lengua de catalogación spa
Centro/agencia transcriptor BNPHU
245 00 - MENCIÓN DE TÍTULO
Título Gran enciclopedia Espasa /
Mención de responsabilidad, etc. coordinadora Carolina Reoyo González.
260 ## - PUBLICACIÓN, DISTRIBUCIÓN, ETC.
Lugar de publicación, distribución, etc. Colombia :
Nombre del editor, distribuidor, etc. Espasa Calpe,
Fecha de publicación, distribución, etc. 2005.
300 ## - DESCRIPCIÓN FÍSICA
Extensión v. :
Otras características físicas il., mapas, retrs.
505 0# - NOTA DE CONTENIDO CON FORMATO
Nota de contenido con formato v. 1
Título América
700 12 - PUNTO DE ACCESO ADICIONAL--NOMBRE DE PERSONA
Nombre de persona Reoyo González, Carolina
9 (RLIN) 986
Existencias
Estado de retiro Estado de pérdida Restricciones de uso No para préstamo Código de colección Localización permanente Ubicación/localización actual Ubicación en estantería Fecha de adquisición Número de inventario Total de préstamos Signatura topográfica completa Código de barras Fecha visto por última vez Precio válido a partir de Tipo de ítem Koha
      Excluido de préstamo Monografías: Libros y Folletos General General En catalogación 11.07.2014 LF1   v. 1 44543-10 25.06.2020 25.06.2020 No se presta
      Excluido de préstamo Monografías: Libros y Folletos General General En catalogación 11.07.2014 LF1   v.1, e.2 44543-20 25.06.2020 25.06.2020 No se presta

Con tecnología Koha